Loading...
| Fine Arts - Auditory Fine Arts | 2 | 5 | 1 | 0 | 75 | 50 | 77.14 | 0 | 3 |
| Fine Arts - Other Fine Arts | 0 | 3 | 1 | 3 | 25 | 121 | 124.67 | 0 | 0 |
| Social Science | 0 | 3 | 1 | 1 | 25 | 102 | 115.00 | 0 | 2 |
| History - World History | 1 | 1 | 0 | 0 | 25 | 41 | 78.50 | 1 | 1 |
| Mythology | 0 | 2 | 0 | 1 | 20 | 72 | 103.50 | 1 | 1 |
| History - European History | 1 | 1 | 1 | 0 | 20 | 46 | 64.50 | 0 | 2 |
| Geography | 0 | 1 | 0 | 0 | 10 | 96 | 96.00 | 0 | 1 |
| Fine Arts - Visual Fine Arts | 0 | 1 | 0 | 0 | 10 | 95 | 95.00 | 0 | 1 |
| History - American History | 0 | 1 | 0 | 0 | 10 | 68 | 68.00 | 0 | 1 |
| Pop Culture | 0 | 1 | 0 | 1 | 10 | 140 | 140.00 | 0 | 0 |
| Religion | 0 | 1 | 0 | 1 | 10 | 139 | 139.00 | 0 | 1 |
| Science - Biology | 0 | 1 | 0 | 1 | 10 | 136 | 136.00 | 0 | 0 |
| History - Other History | 0 | 0 | 0 | 0 | 0 | 0.00 | 0 | 0 |